|
|
|
|
| LEADER |
01167ppm a22003138a 4500 |
| 001 |
00029965 |
| 005 |
20171026081022.0 |
| 008 |
121205s2009 ||||||viesd |
| 041 |
0 |
# |
|a vie
|
| 082 |
1 |
4 |
|a 895.922 3
|b TR527NG
|
| 100 |
1 |
# |
|a Pham, Thị Minh Hiếu
|
| 245 |
1 |
0 |
|a Truyện ngắn Nguyễn Ngọc Tư từ góc nhìn thi pháp học
|b Luận văn thạc sĩ ngữ văn . Chuyên ngành: Lý luận văn học. Mã số: 60.22.32
|c Phạm Thị Minh hiếu; Nguyễn Đăng Điệp (hướng dẫn)
|
| 260 |
# |
# |
|a Vinh
|b Đại học Vinh
|c 2009
|
| 300 |
# |
# |
|a 147 tr.
|c 30 cm.
|
| 500 |
# |
# |
|a ĐTTTS ghi: Bộ giáo dục và đào tạo. Đại học Vinh
|
| 653 |
# |
# |
|a Luận văn
|
| 653 |
# |
# |
|a Nguyễn Ngọc Tư
|
| 653 |
# |
# |
|a Truyện ngắn
|
| 653 |
# |
# |
|a Văn học Việt Nam
|
| 700 |
1 |
# |
|a Nguyễn, Đăng Điệp
|e hướng dẫn
|
| 852 |
# |
# |
|b Kho đọc SĐH
|j LV.0000187
|
| 852 |
# |
# |
|j LV.0000187
|
| 910 |
# |
# |
|d 05/12/2012
|
| 980 |
# |
# |
|a Trung tâm Học liệu Lê Vũ Hùng, Trường Đại học Đồng Tháp
|